| 000 | 01181cam a2200301 a 4500 | ||
|---|---|---|---|
| 999 |
_c24206 _d24206 |
||
| 001 | 1124729 | ||
| 005 | 20170128093353.0 | ||
| 008 | 940519s1995 mnua j 001 0 eng | ||
| 010 | _a 94021445 | ||
| 020 | _a0822532034 (lib. bdg.) | ||
| 042 | _alcac | ||
| 050 | 0 | 0 | _aNK7307 .D35 1995 |
| 245 | 0 | 0 |
_aDazzling! : _bjewelry of the ancient world / _cprepared by Geography Department, Runestone Press. |
| 260 |
_aMinneapolis : _bRunestone Press, _cc1995. |
||
| 300 |
_a64 p. : _bill. (some col.) ; _c27 cm. |
||
| 440 | 0 | _aBuried worlds | |
| 500 | _aIncludes index. | ||
| 650 | 0 |
_aJewelry, Ancient _xJuvenile literature. |
|
| 650 | 1 | _aJewelry, Ancient. | |
| 710 | 2 |
_aRunestone Press. _bGeography Department. |
|
| 942 |
_2lcc _cBOOKS |
||